000 00446nam a2200145Ia 4500
005 20260304105626.0
022 _a2950-3833
050 _aRG120 .A37
245 _aAfrican Journal of Reproduction and Gynecological Endoscopy
250 _aVol. 8, No. 1
260 _aIndia
_bWolters Kluwer – Medknow
_c2023
300 _a47 p. : ill. ; 29 cm.
650 _aGynecological endoscopy--periodicals Reproduction--periodicals
942 _cSR
_2lcc
999 _c37366
_d37366